|
|
|
|
| LEADER |
00000nab a2200000 a 4500 |
| 001 |
vtls000768780 |
| 003 |
SK-MaSNL |
| 005 |
20260304112513.0 |
| 008 |
250429c2001 xo 0 slo |
| 015 |
|
|
|a SNBRB2001/10-28077
|
| 035 |
|
|
|a CLN000120567
|
| 035 |
|
|
|a urn:nbn:sk:snk-abmat
|
| 035 |
|
|
|a (urnnbn)urn:nbn:sk:snk:ar-a03fli
|
| 035 |
|
|
|a (uuid)d0510704-4861-4cb3-9898-b37ede84e506
|
| 040 |
|
|
|a SNKBUCL
|b slo
|c SNKBUCL
|e AACR2
|
| 041 |
0 |
|
|a cze
|
| 044 |
|
|
|a xo
|c SK
|
| 080 |
|
|
|a 616.44-089
|2 1997
|
| 100 |
1 |
|
|a Jandoušová, E.
|4 aut
|9 1414419
|
| 245 |
1 |
0 |
|a Our experiences with thyroid gland operation and operative complications
|c E. Jandoušová
|
| 246 |
1 |
1 |
|a Naše zkušenosti s operacemi na štítné žláze a operačními komplikacemi
|
| 300 |
|
|
|b Tab.
|
| 504 |
|
|
|a Res. angl., čes.
|
| 504 |
|
|
|a Bibliogr. odkazy
|
| 650 |
0 |
7 |
|a žľaza štítna
|x chirurgia
|2 snkbucl
|9 1372402
|
| 655 |
|
7 |
|a články z novín a časopisov
|2 snkbucl
|9 267496
|
| 773 |
0 |
|
|t Bratislavské lekárske listy
|g Roč. 102, č. 1 (2001), s. 55-56
|x 0006-9248
|
| 850 |
|
|
|a Slovenská národná knižnica
|
| 852 |
|
|
|a Slovenská národná knižnica
|
| 954 |
|
|
|a odborná, vedecká literatúra cudzojazyčná (svetová)
|2 lita
|
| 958 |
|
|
|a article27
|
| 958 |
|
|
|a MI
|
| 958 |
|
|
|a NB
|
| 958 |
|
|
|a OND
|
| 958 |
|
|
|a EUIPO
|
| 992 |
|
|
|a RBX
|
| 999 |
|
|
|c 2866049
|d 2867979
|